Miasta Cesarstwa Rzymskiego - nagła śmierć - Statystyki

Ogólne statystyki
  • Ten quiz został rozwiązany 5 693 razy
    5 692 od ostatniego zresetowania
  • Średni wynik to 13 z 21
Answers on the Grid
Answers color-coded by a green-red scale on the quiz's grid according to % correct below.
Aleksandria
Amman
Ankara
Ateny
Belgrad
Berlin
Budapeszt
Chicago
Kolonia
Kopenhaga
Damaszek
Delhi
Dubaj
Dublin
Stambuł
Jerozolima
Lizbona
Londyn
Lyon
Marsylia
Mediolan
Mogadiszu
Moskwa
Paryż
Rijad
Sewilla
Teheran
Timbuktu
Tunis
Wiedeń
York
Zurych
 
Statystyki odpowiedzi
Odpowiedź % Poprawnych
Aleksandria
89%
Ateny
85%
Ankara
73%
Mediolan
70%
Stambuł
69%
Jerozolima
67%
Marsylia
66%
Belgrad
65%
Lyon
63%
Paryż
63%
Sewilla
60%
Tunis
60%
Damaszek
59%
Lizbona
57%
Wiedeń
57%
Londyn
56%
Budapeszt
54%
Zurych
54%
Amman
51%
Kolonia
44%
York
29%
Nie znaleziono quizów pasujących do podanych kryteriów
Rozkład punktacji
Procent ludzi z każdym wynikiem
Percentyl według liczby udzielonych odpowiedzi
Twoja historia wyników
Nie rozwiązałeś tego quizu od ostatniego zresetowania